• 首页
  • 本馆介绍
  • 公告通知
  • 最新文献
  • 馆藏检索
  • 电子资源
  • 读者导购
  • 参考咨询
  • 我的图书馆
  • 登录
  • 详细信息显示
  • 放入我的书架
  • 预约/预借图书
  • 作者相关作品
  • 分类相关作品
  • 丛书相关作品
  • 出版社相关作品

书目信息

  • 表格格式
  • 工作单格式
  • 卡片格式
题名:
测控技术与仪器专业英语
    
 
作者: 殷红 , 彭珍瑞 主编
分册:  
出版信息: 北京   电子工业出版社  2012
页数: 250页
开本: 24cm
丛书名:
单 册:
中图分类: TM93
科图分类:
主题词: 电子测量设备--英语--高等学校--教材 , 测量系统--控制系统--英语--高等学校--教材 , 电子测量设备 , 控制系统 , 测量系统
电子资源:
ISBN: 978-7-121-15341-9
000 01101nam0 2200301 45
001 1338833922
005 20130514151939.29
010    @a978-7-121-15341-9@dCNY29.00
100    @a20130108d2012 em y0chiy50 ea
101 0  @achi@aeng
102    @aCN@b110000
105    @ay z 000yy
106    @ar
200 1  @a测控技术与仪器专业英语@ACe Kong Ji Shu Yu Yi Qi Zhuan Ye Ying Yu@f殷红,彭珍瑞主编@FYin Hong, Peng Zhen Rui Zhu Bian
210    @a北京@c电子工业出版社@d2012
215    @a250页@d24cm
300    @a普通高等教育“十二五”规划教材 高等学校专业英语教材
330    @a本书内容包括:信息获取、信息处理、信息传输、信息控制和新技术,每个单元包括正文、注释、难句解析和专业知识解释,并配有相关扩展知识的阅读材料。
606 0  @a电子测量设备@x英语@x高等学校@j教材
606 0  @a测量系统@x控制系统@x英语@x高等学校@j教材
606 0  @a电子测量设备
606 0  @a控制系统
606 0  @a测量系统
690    @aTM93@v5
701  0 @a殷红@AYin Hong@g(女,@f1978~)@4主编
701  0 @a彭珍瑞@APeng Zhen Rui@f(1972~)@4主编
801    @aCN@bTANGWEI@c20130108
905    @b0828497-501@dTM93@e119@f5
    
    测控技术与仪器专业英语/殷红,彭珍瑞主编.-北京:电子工业出版社,2012
    250页;24cm
    普通高等教育“十二五”规划教材 高等学校专业英语教材
    
    ISBN 978-7-121-15341-9:CNY29.00
    本书内容包括:信息获取、信息处理、信息传输、信息控制和新技术,每个单元包括正文、注释、难句解析和专业知识解释,并配有相关扩展知识的阅读材料。
●
相关链接 在E读中查询图书 在五车中查询图书 在当当中查询图书 在豆瓣中查询图书


正题名:测控技术与仪器专业英语     索取号:TM93/119         预约/预借

序号 登录号 条形码 馆藏地/架位号 状态 备注
1 0828497   208284970   第二样本阅览室/ [索取号:TM93/119] 在馆    
2 0828498   208284989   第三借阅区/ [索取号:TM93/119] 在馆    
3 0828499   208284998   第三借阅区/ [索取号:TM93/119] 在馆    
4 0828500   208285005   第三借阅区/ [索取号:TM93/119] 在馆    
5 0828501   208285014   第三借阅区/ [索取号:TM93/119] 在馆    
唐山师范学院图书馆 欢迎您!
大连网信软件有限公司© 版权所有